| 000 | 00445nam a2200145 4500 | ||
|---|---|---|---|
| 008 | 061002s1945 nyu 0 eng | ||
| 090 |
_aBV4211 _bJ71h |
||
| 100 | 1 | _aJones, Bob | |
| 245 | 1 | 0 |
_aHow to improve your preaching / _cBob Jones. |
| 260 |
_aNeww York : _bFleming H. Revell, _cc1945. |
||
| 300 | _a126 p. | ||
| 504 | _aBiblio. : pp. 123-16. | ||
| 650 | 4 | _aPreaching. | |
| 951 |
_p5487 _x00008086 _oBV4211/J71h _j070613111613703 _d2000-12-21 _cGC |
||
| 999 |
_c27729 _d27729 |
||